000 00304nam a22001337a 4500
008 171017b xxu||||| |||| 00| 0 eng d
020 _a9780538074612
041 _aeng
080 _a338
100 _a53
101 _aMEN
245 _aPRODUCTION & INVENTORY MANAGEMENT
_cFOGARTY,D.W
942 _2udc
_cBK
999 _c34518
_d34518